<?xml version="1.0" encoding="UTF-8"?>
<record
    xmlns:xsi="http://www.w3.org/2001/XMLSchema-instance"
    xsi:schemaLocation="http://www.loc.gov/MARC21/slim http://www.loc.gov/standards/marcxml/schema/MARC21slim.xsd"
    xmlns="http://www.loc.gov/MARC21/slim">

  <leader>01203nab a2200217 i 4500</leader>
  <controlfield tag="001">768714001</controlfield>
  <controlfield tag="003">CO-MdFUSB</controlfield>
  <controlfield tag="005">20260316103100.0</controlfield>
  <controlfield tag="008">230508s1998    us ||||| |||| 00| 0 eng d</controlfield>
  <datafield tag="040" ind1=" " ind2=" ">
    <subfield code="b">spa</subfield>
    <subfield code="a">CO-MdFUSB</subfield>
    <subfield code="c">CO-MdFUSB</subfield>
    <subfield code="d">CO-MdFUSB</subfield>
  </datafield>
  <datafield tag="041" ind1=" " ind2=" ">
    <subfield code="a">eng</subfield>
  </datafield>
  <datafield tag="100" ind1=" " ind2=" ">
    <subfield code="a">Rowell, Ed</subfield>
    <subfield code="e">autor</subfield>
  </datafield>
  <datafield tag="245" ind1="1" ind2=" ">
    <subfield code="a">Preaching to those who just don't get it </subfield>
    <subfield code="b">: the day I recovered my faith in the sermon&#xB4;s unpredictable power </subfield>
    <subfield code="c">/ Edward Rowell </subfield>
  </datafield>
  <datafield tag="300" ind1=" " ind2=" ">
    <subfield code="a">Volumen 19, n&#xFA;mero 4 (Fall 1998), p&#xE1;ginas 108 - 113 </subfield>
    <subfield code="c">; 27 cm.</subfield>
  </datafield>
  <datafield tag="520" ind1=" " ind2=" ">
    <subfield code="a">Puede que el mensaje no sea una obra maestra en t&#xE9;rminos de homil&#xE9;tica, pero
necesita convencer tanto al predicador como a una congregaci&#xF3;n entera del poder de la
predicaci&#xF3;n. Muchas veces, el problema de que una congregaci&#xF3;n no entienda un serm&#xF3;n
proviene directamente del coraz&#xF3;n del predicador. Edward Rowell cuenta una historia
acerca de su experiencia recuperando la fe en el poder de la predicaci&#xF3;n. </subfield>
  </datafield>
  <datafield tag="546" ind1=" " ind2=" ">
    <subfield code="a">Texto en Ingl&#xE9;s </subfield>
  </datafield>
  <datafield tag="650" ind1=" " ind2="0">
    <subfield code="9">54</subfield>
    <subfield code="a">Predicaci&#xF3;n</subfield>
  </datafield>
  <datafield tag="773" ind1="0" ind2=" ">
    <subfield code="0">68780</subfield>
    <subfield code="9">81952</subfield>
    <subfield code="o">R2465</subfield>
    <subfield code="t">Leadership : </subfield>
    <subfield code="w">(CO-MdFUSB)768714001</subfield>
    <subfield code="g">Volumen 19, n&#xFA;mero 4 (Fall 1998), p&#xE1;ginas 108 - 113 </subfield>
    <subfield code="q">p&#xE1;gina 108</subfield>
  </datafield>
  <datafield tag="942" ind1=" " ind2=" ">
    <subfield code="c">ANA</subfield>
  </datafield>
  <datafield tag="945" ind1=" " ind2=" ">
    <subfield code="a">JTF-925</subfield>
  </datafield>
  <datafield tag="999" ind1=" " ind2=" ">
    <subfield code="c">68862</subfield>
    <subfield code="d">68862</subfield>
  </datafield>
</record>
